00644nam a22002177a 450000500170000001000130001702000210003003500130005103700160006404000120008008200160009210000170010824501510012526000390027627000150031530000200033050000210035065000140037165000200038570000210040520170124105950.0 aA-631138 c00.00a091880115 aA-637738 bCen Lib/Ret aDPLbEN a299.93bHEA aHeart Master aThe da upanishad :cby Heart Master [and] Da Love Anandabshort discourses on self-renuciation, god-realization, and the illusion of relatedness / aCaliforniabDawn Horse Pressc1989 bCalifornia a514p.c20cm(Hb) aIncludes index  aHinduism  aSpiritual life  aAnanda, Da-Love